NBA Players by Picture - Poland - Statistics

General Stats
  • This quiz has been taken 18 times
  • The average score is 2 of 6
Answer Stats
Picture Answer % Correct
Jeremy Sochan
94%
Marcin Gortat
78%
Jordan Loyd
22%
Cezary Trybański
11%
Maciej Lampe
6%
Jeff Nordgaard
0%
No matching quizzes found
Score Distribution
Percent of People with Each Score
Percentile by Number Answered
Your Score History
You have not taken this quiz